000 00436nam a2200157Ia 4500
008 230917s9999||||xx |||||||||||||| ||und||
040 _e215360
_aMAIN
041 _aEnglish
082 _a631.4 H86H(2)
100 _aHuang, Pan Ming, ed.
245 0 _aHandbook of soil sciences. 2V: V1-Resource management and environmental impacts
250 _a2nd. ed.
260 _aBoca Raton
_bCRC Press
_c2012
300 _av. p.
942 _cBK
999 _c177667
_d177667